Luli, el iceberg / (Record no. 27419)
[ view plain ]
| 000 -LEADER | |
|---|---|
| fixed length control field | 00929nam a2200277Ia 4500 |
| 001 - CONTROL NUMBER | |
| control field | 43887082 |
| 003 - CONTROL NUMBER IDENTIFIER | |
| control field | OCoLC |
| 005 - DATE AND TIME OF LATEST TRANSACTION | |
| control field | 20240113185923.0 |
| 008 - FIXED-LENGTH DATA ELEMENTS--GENERAL INFORMATION | |
| fixed length control field | 000419s1999 sp a j 000 1 spa d |
| 020 ## - INTERNATIONAL STANDARD BOOK NUMBER | |
| International Standard Book Number | 8484180395 : |
| Terms of availability | $19.95 |
| 020 ## - INTERNATIONAL STANDARD BOOK NUMBER | |
| International Standard Book Number | 9788484180395 |
| 040 ## - CATALOGING SOURCE | |
| Original cataloging agency | CS1 |
| Transcribing agency | CS1 |
| Modifying agency | PL# |
| -- | JQJ |
| -- | OCoLC |
| 041 1# - LANGUAGE CODE | |
| Language code of text/sound track or separate title | spa |
| Language code of original | eng |
| 100 0# - MAIN ENTRY--PERSONAL NAME | |
| Personal name | Takamado no Miya Hisako, |
| Dates associated with a name | 1953- |
| 240 10 - UNIFORM TITLE | |
| Uniform title | <a href="Lulie the iceberg.">Lulie the iceberg.</a> |
| Language of a work | Spanish. |
| 245 10 - TITLE STATEMENT | |
| Title | Luli, el iceberg / |
| Statement of responsibility, etc. | su alteza imperial la princesa Hisako de Takamado ; ilustrado por Warabe Aska ; [traduccion, Pilar Garriga]. |
| 250 ## - EDITION STATEMENT | |
| Edition statement | 1. ed. |
| 260 ## - PUBLICATION, DISTRIBUTION, ETC. (IMPRINT) | |
| Place of publication, distribution, etc. | Barcelona : |
| Name of publisher, distributor, etc. | Editorial Zendrera Zariquiey, |
| Date of publication, distribution, etc. | 1999. |
| 300 ## - PHYSICAL DESCRIPTION | |
| Extent | 41 p. : |
| Other physical details | col. ill. ; |
| Dimensions | 27 cm. |
| 500 ## - GENERAL NOTE | |
| General note | Translation of: Lulie the iceberg. |
| 650 #0 - SUBJECT ADDED ENTRY--TOPICAL TERM | |
| Topical term or geographic name as entry element | Icebergs |
| Form subdivision | Juvenile fiction. |
| 650 #7 - SUBJECT ADDED ENTRY--TOPICAL TERM | |
| Topical term or geographic name as entry element | Icebergs |
| Form subdivision | Novela juvenil. |
| Source of heading or term | bidex. |
| 653 ## - INDEX TERM--UNCONTROLLED | |
| Uncontrolled term | Literatura infantil inglesa |
| -- | Cuentos. |
| 700 1# - ADDED ENTRY--PERSONAL NAME | |
| Personal name | Aska, Warabe |
| 942 ## - ADDED ENTRY ELEMENTS (KOHA) | |
| Koha item type | Libro/Book |
| Withdrawn status | Lost status | Damaged status | Not for loan | Home library | Current library | Date acquired | Total Checkouts | Total Renewals | Full call number | Barcode | Checked out | Date last seen | Date checked out | Price effective from | Koha item type | Inventory number | Source of classification or shelving scheme |
|---|---|---|---|---|---|---|---|---|---|---|---|---|---|---|---|---|---|
| San Juan Del Sur -- Mobile | Collado | 30/09/2024 | 1 | JNC | 30029857 | 14/04/2026 | 10/03/2026 | 10/03/2026 | 30/09/2024 | Libro/Book | Inventory date: 15-5-25 | ||||||
| San Juan Del Sur -- Mobile | Collado | 30/09/2024 | 1 | JNC | 30029859 | 14/04/2026 | 10/03/2026 | 10/03/2026 | 30/09/2024 | Libro/Book | Inventory date: 15-5-25 | ||||||
| San Juan Del Sur -- Mobile | El coco | 30/09/2024 | 1 | JNC | 30029858 | 15/04/2026 | 11/03/2026 | 11/03/2026 | 30/09/2024 | Libro/Book | Inventory date: 15-5-25 | ||||||
| San Juan Del Sur -- Biblioteca | La Cuesta | 04/11/2024 | 1 | JI | 30030731 | 24/04/2026 | 20/03/2026 | 20/03/2026 | 04/11/2024 | Libro/Book | Inventory date: 10-2-25 | ||||||
| San Juan Del Sur -- Mobile | Ostional | 31/12/2022 | 1 | JI | 30029833 | 23/11/2023 | 19/10/2023 | 19/10/2023 | 31/12/2022 | Libro/Book | |||||||
| San Juan Del Sur -- Mobile | Pochote | 16/02/2023 | 2 | JI | 30029837 | 17/10/2024 | 19/10/2023 | 16/02/2023 | Libro/Book | ||||||||
| San Juan Del Sur -- Mobile | San Juan Del Sur -- Mobile | 31/12/2022 | 4 | JI | 30029835 | 11/04/2024 | 11/04/2024 | 31/12/2022 | Libro/Book | Inventory date: 10-2-25 | |||||||
| San Juan Del Sur -- Mobile | San Juan Del Sur -- Mobile | 31/12/2022 | 1 | JI | 30029836 | 08/02/2024 | 08/02/2024 | 31/12/2022 | Libro/Book | Inventory date: 10-2-25 | |||||||
| San Juan Del Sur -- Mobile | San Juan Del Sur -- Mobile | 13/01/2024 | 2 | JI | 30029832 | 11/06/2024 | 11/06/2024 | 13/01/2024 | Libro/Book | Inventory date: 10-2-25 | |||||||
| San Juan Del Sur -- Mobile | San Juan Del Sur -- Mobile | 13/01/2024 | 1 | JI | 30029831 | 28/08/2024 | 08/02/2024 | 13/01/2024 | Libro/Book | Inventory date: 10-2-25 | |||||||
| San Juan Del Sur -- Mobile | San Juan Del Sur -- Mobile | 10/02/2025 | JI | 33016666 | 10/02/2025 | 10/02/2025 | Libro/Book | Inventory date: 10-2-25 | |||||||||
| San jeronimo | San jeronimo | 31/03/2026 | 1 | 35902175 | 05/05/2026 | 31/03/2026 | 31/03/2026 | 31/03/2026 | Libro/Book | Dewey Decimal Classification | |||||||
| San jeronimo | San jeronimo | 31/03/2026 | 1 | 35901869 | 05/05/2026 | 31/03/2026 | 31/03/2026 | 31/03/2026 | Libro/Book | Dewey Decimal Classification | |||||||
| San jeronimo | San jeronimo | 31/03/2026 | 1 | 35902266 | 05/05/2026 | 31/03/2026 | 31/03/2026 | 31/03/2026 | Libro/Book | Dewey Decimal Classification | |||||||
| San Juan Del Sur -- Mobile | Sapoa | 24/12/2022 | 2 | 2 | JI | 33017165 | 16/05/2023 | 11/04/2023 | 11/04/2023 | 24/12/2022 | Libro/Book | ||||||
| San Juan Del Sur -- Mobile | Sapoa | 24/12/2022 | 1 | 2 | JI | 33017174 | 16/05/2023 | 11/04/2023 | 11/04/2023 | 24/12/2022 | Libro/Book | ||||||
| San Juan Del Sur -- Mobile | Sapoa | 28/12/2022 | 1 | 2 | JI | 33017171 | 16/05/2023 | 11/04/2023 | 11/04/2023 | 28/12/2022 | Libro/Book |